000 00262nam a22001097a 4500
082 _a160
100 _aKiran Pub.
_979927
245 _aSSC Reasoning Solved Paper 2023 12800+
260 _aDelhi
_bKiran Publication
_c2023
650 _aReasoning
_9207
942 _cBK
999 _c66115
_d66115